[Event "OPEN CEA A 2021-2022"]
[Site "AUBAGNE"]
[Date "2021.12.04"]
[Round "3.1"]
[White "Nobili, Denis"]
[Black "Blanc, Michel"]
[Result "1-0"]
[WhiteElo "1862"]
[BlackElo "1507"]
[PlyCount "89"]
[EventDate "2021.??.??"]
[WhiteTeam "L'Echiquier du Roy RenÃ©"]
[BlackTeam "Cercle d'Echecs Aubagnais"]

1. e4 d5 2. exd5 Qxd5 3. Nc3 Qd8 4. d4 Nf6 5. Bc4 Bf5 6. Qf3 Bc8 7. Nge2 c6 8.
h3 e6 9. Bd2 Nbd7 10. O-O Be7 11. Rfe1 O-O 12. Bf4 Nb6 13. Bb3 Bd6 14. Bg5 Be7
15. Rad1 Nfd5 16. Bxe7 Qxe7 17. Ne4 Nd7 18. c4 N5f6 19. N2g3 Nxe4 20. Nxe4 Nf6
21. Nc3 Qc7 22. c5 Bd7 23. g4 Rfe8 24. g5 Nd5 25. Ne4 Qf4 26. Qh5 e5 27. Nd6 e4
28. Nxe8 Rxe8 29. Bxd5 cxd5 30. Re3 Bb5 31. g6 hxg6 32. Qxd5 Bc6 33. Qc4 a6 34.
a4 Qg5+ 35. Rg3 Qh5 36. Rd2 Bd5 37. Qe2 Qh4 38. Qe3 Re6 39. Qg5 Qxg5 40. Rxg5
f5 41. h4 e3 42. fxe3 Rxe3 43. h5 gxh5 44. Rxf5 Bf3 45. Kf2 1-0

[Event "OPEN CEA A 2021-2022"]
[Site "AUBAGNE"]
[Date "2021.12.04"]
[Round "3.2"]
[White "Ghazarian, David"]
[Black "Benezra, David"]
[Result "1-0"]
[WhiteElo "1535"]
[BlackElo "1383"]
[PlyCount "135"]
[EventDate "2021.??.??"]
[WhiteTeam "Cercle d'Echecs Aubagnais"]
[BlackTeam "L'Echiquier du Roy RenÃ©"]

1. e4 c5 2. Nc3 e6 3. f4 a6 4. Nf3 Nc6 5. b3 d5 6. Bb2 dxe4 7. Nxe4 Qc7 8. g3
Nh6 9. Nxc5 Nb4 10. a3 Qxc5 11. axb4 Qxb4 12. Ra4 Qc5 13. Bd4 Qd6 14. Bb5+ Bd7
15. Bxd7+ Qxd7 16. O-O Nf5 17. Bf2 Be7 18. g4 Nd6 19. Ne5 Qc7 20. Re1 O-O 21.
c4 b5 22. cxb5 axb5 23. Rxa8 Rxa8 24. Qb1 Qb7 25. Rc1 Rc8 26. Rxc8+ Qxc8 27.
Qd3 f6 28. Nf3 Qc6 29. Nd4 Qd5 30. Qe2 Kf7 31. Be3 Bd8 32. g5 g6 33. Qg4 f5 34.
Qh3 Kg8 35. Nf3 Be7 36. Ne5 Ne4 37. d3 Nc5 38. Qh6 Bf8 39. Nxg6 Bxh6 40. Ne7+
Kf7 41. Nxd5 Bf8 42. Nc7 b4 43. Bxc5 Bxc5+ 44. Kg2 Be3 45. Kf3 Bd2 46. Nb5 Kg6
47. Nd4 Kf7 48. h4 Bc3 49. Nc6 Kg6 50. Nd8 e5 51. fxe5 Bxe5 52. Ne6 Kh5 53. d4
Bb8 54. Ng7+ Kxh4 55. Nxf5+ Kxg5 56. Ke4 h5 57. d5 Kf6 58. d6 Ke6 59. Ng7+ Kxd6
60. Nxh5 Kc5 61. Nf6 Bd6 62. Nd7+ Kb5 63. Kd5 Bg3 64. Nf6 Be1 65. Ne4 Bc3 66.
Nd6+ Kb6 67. Kc4 Ka5 68. Kc5 1-0

[Event "OPEN CEA A 2021-2022"]
[Site "AUBAGNE"]
[Date "2021.12.04"]
[Round "3.3"]
[White "Gomez, Guy"]
[Black "Benezra, Silke"]
[Result "0-1"]
[WhiteElo "1511"]
[BlackElo "1302"]
[PlyCount "76"]
[EventDate "2021.??.??"]
[WhiteTeam "Cercle d'Echecs Aubagnais"]
[BlackTeam "L'Echiquier du Roy RenÃ©"]

1. e4 c5 2. Nf3 d6 3. Bc4 Nf6 4. d3 Bd7 5. c3 b5 6. Bb3 g6 7. Nbd2 Bc6 8. O-O
Bg7 9. Re1 a5 10. e5 dxe5 11. Nxe5 e6 12. Qe2 O-O 13. Nxc6 Nxc6 14. Nf3 a4 15.
Bxe6 Re8 16. Ng5 fxe6 17. Qf3 Qc8 18. Bf4 e5 19. Bg3 b4 20. Rac1 b3 21. a3 h6
22. Ne4 Nxe4 23. Qxe4 Kh7 24. h4 h5 25. Bh2 Ne7 26. Qc4 Nf5 27. Re2 Nd6 28. Qd5
Nf5 29. Re4 Ra7 30. Re2 Rd7 31. Qf3 Nxh4 32. Qe4 Nf5 33. g4 Nd6 34. Qg2 h4 35.
Rce1 Rde7 36. f4 Nf7 37. Qh3 Bf6 38. g5 Qxh3 0-1

[Event "OPEN CEA A 2021-2022"]
[Site "AUBAGNE"]
[Date "2021.12.04"]
[Round "3.4"]
[White "Manus, Renaud"]
[Black "Miguel, Alain"]
[Result "0-1"]
[WhiteElo "1194"]
[BlackElo "1740"]
[PlyCount "74"]
[EventDate "2021.??.??"]
[WhiteTeam "Club Provence Echecs"]
[BlackTeam "Cercle d'Echecs Aubagnais"]

1. d4 Nf6 2. Nc3 d5 3. Bf4 c5 4. e3 e6 5. Nb5 Na6 6. c3 Be7 7. Bd3 O-O 8. a4
Bd7 9. Nf3 Ne8 10. e4 dxe4 11. Bxe4 Bc6 12. Bd3 cxd4 13. O-O Nc5 14. Nbxd4 Bxf3
15. Qxf3 Nxd3 16. Qxd3 Qb6 17. Qb5 Bc5 18. Qxb6 Bxb6 19. Nf3 Bc7 20. Bxc7 Nxc7
21. Rfd1 Rfd8 22. Rd2 Rxd2 23. Nxd2 Rd8 24. Ne4 f6 25. Kf1 Kf7 26. Ke2 Nd5 27.
g3 Nb6 28. Nd2 a5 29. b4 axb4 30. cxb4 Rd4 31. a5 Nd5 32. a6 bxa6 33. Rxa6 Rxb4
34. Ra7+ Kg6 35. h4 h5 36. Kd3 e5 37. Rd7 Rd4+ 0-1

[Event "OPEN CEA A 2021-2022"]
[Site "AUBAGNE"]
[Date "2021.12.04"]
[Round "3.5"]
[White "Battaglia, Gerard"]
[Black "Madi, Chahinez"]
[Result "1-0"]
[WhiteElo "1703"]
[BlackElo "1502"]
[PlyCount "139"]
[EventDate "2021.??.??"]
[WhiteTeam "Echiquier Marseillais 1872"]
[BlackTeam "Cercle d'Echecs Aubagnais"]

1. d4 Nf6 2. c4 g6 3. Nc3 Bg7 4. e4 d6 5. f4 O-O 6. Be2 Re8 7. e5 dxe5 8. fxe5
Nfd7 9. Nf3 c5 10. Be3 Nc6 11. O-O cxd4 12. Bxd4 Ndxe5 13. Bxe5 Nxe5 14. Qb3
Qc7 15. Ne4 Be6 16. Rac1 Rac8 17. Nfg5 Bxc4 18. Bxc4 Nxc4 19. Nxf7 Rf8 20. Neg5
Qb6+ 21. Kh1 Qxb3 22. axb3 Nxb2 23. Rxc8 Rxc8 24. Ne6 Nd3 25. Nxg7 Kxg7 26. Ng5
Rc1 27. Ne6+ Kh6 28. Rxc1 Nxc1 29. b4 Nd3 30. b5 a5 31. bxa6 bxa6 32. Kg1 a5
33. Kf1 Nb2 34. Ke2 a4 35. Nd4 a3 36. Nc2 Nc4 37. Kd3 Ne5+ 38. Kc3 Kg5 39. Kb3
Ng4 40. h3 Nf2 41. Kxa3 Kf4 42. Kb3 e5 43. Kc3 Nd1+ 44. Kd2 Nf2 45. Ke2 Ne4 46.
Ne1 Kg3 47. Kf1 Nf2 48. Nf3 e4 49. Ng1 h5 50. Ne2+ Kh4 51. Kxf2 g5 52. Ng1 g4
53. g3+ Kg5 54. h4+ Kf5 55. Ke3 Ke5 56. Ne2 Kf5 57. Nf4 Kf6 58. Kxe4 Kg7 59.
Nxh5+ Kh6 60. Nf4 Kg7 61. Kf5 Kh6 62. Kxg4 Kg7 63. Kg5 Kh7 64. h5 Kg7 65. g4
Kh7 66. Kf6 Kg8 67. g5 Kh7 68. g6+ Kh6 69. Kf7 Kg5 70. g7 1-0

[Event "OPEN CEA A 2021-2022"]
[Site "AUBAGNE"]
[Date "2021.12.04"]
[Round "3.6"]
[White "Tramarin, Matteo"]
[Black "Gomez, Jean-Luc"]
[Result "1/2-1/2"]
[WhiteElo "1466"]
[BlackElo "1433"]
[PlyCount "29"]
[EventDate "2021.??.??"]
[WhiteTeam "Cercle d'Echecs Aubagnais"]
[BlackTeam "Echiquier Marseillais 1872"]

1. c4 c5 2. Nc3 Nf6 3. Nf3 Nc6 4. d3 e6 5. Bf4 a6 6. g3 Be7 7. Bg2 O-O 8. a3
Re8 9. Rb1 d5 10. b3 Qa5 11. Bd2 Qd8 12. Bf4 Qa5 13. Bd2 Qd8 14. Bf4 Qa5 15.
Bd2 1/2-1/2

[Event "OPEN CEA A 2021-2022"]
[Site "AUBAGNE"]
[Date "2021.12.04"]
[Round "3.8"]
[White "Normand, Christophe"]
[Black "Bonavia, Mathis"]
[Result "0-1"]
[WhiteElo "1229"]
[BlackElo "1475"]
[PlyCount "128"]
[EventDate "2021.??.??"]
[WhiteTeam "Cassis Echecs"]
[BlackTeam "La Ciotat Echecs (LCE)"]

1. e4 c5 2. Nc3 d6 3. f4 Nf6 4. Nf3 Nc6 5. Bb5 Bg4 6. Bxc6+ bxc6 7. O-O e6 8.
d3 Be7 9. Qe1 O-O 10. Nd1 Rb8 11. Ne3 Bxf3 12. Rxf3 Ne8 13. Rh3 Nc7 14. Qg3 d5
15. e5 Nb5 16. c3 d4 17. Ng4 dxc3 18. Nh6+ Kh8 19. bxc3 gxh6 20. Rxh6 Rg8 21.
Qh3 Rg7 22. f5 exf5 23. Qxf5 Qg8 24. g3 Nxc3 25. Kf2 Bg5 26. Bxg5 Rxg5 27. Qf6+
Qg7 28. Qxc6 Qxe5 29. Qf6+ Qxf6+ 30. Rxf6 Kg7 31. Rc6 Rb2+ 32. Kf3 Rxh2 33. Kf4
Rd5 34. Kg4 Rxa2 35. Rf1 Ra4+ 36. Kh3 Rh5+ 37. Kg2 Ra2+ 38. Rf2 Rxf2+ 39. Kxf2
a5 40. Ra6 a4 41. Kf3 Re5 42. Kf4 Re6 43. Ra5 Kf6 44. Rxc5 Ne2+ 45. Kf3 a3 46.
Ra5 Nd4+ 47. Kf4 Nc2 48. Rf5+ Kg7 49. Rg5+ Rg6 50. Ra5 Rb6 51. d4 Rb2 52. d5 a2
53. d6 a1=Q 54. Rxa1 Nxa1 55. Ke5 Rd2 56. g4 Kg6 57. g5 Kxg5 58. d7 Rxd7 59.
Ke4 h5 60. Ke3 h4 61. Kf3 f5 62. Kg2 Kg4 63. Kh1 Kg3 64. Kg1 Rd1# 0-1

[Event "OPEN CEA A 2021-2022"]
[Site "AUBAGNE"]
[Date "2021.12.04"]
[Round "3.9"]
[White "Pouliquen, Gilbert"]
[Black "Rivollier, Frederic"]
[Result "0-1"]
[WhiteElo "1213"]
[BlackElo "1404"]
[PlyCount "102"]
[EventDate "2021.??.??"]
[WhiteTeam "Echiquier Marseillais 1872"]
[BlackTeam "Cercle d'Echecs Aubagnais"]

1. d4 Nf6 2. Bf4 g6 3. h3 Bg7 4. e3 O-O 5. Nf3 d6 6. Nbd2 Nbd7 7. Be2 Re8 8.
O-O e5 9. dxe5 dxe5 10. Bh2 e4 11. Nd4 a6 12. c3 c5 13. N4b3 b5 14. c4 b4 15.
Qc1 Bb7 16. a3 a5 17. axb4 axb4 18. Rxa8 Qxa8 19. Qa1 Qc8 20. Na5 Ne5 21. Nxb7
Qxb7 22. Nb3 Nfd7 23. Rd1 Ra8 24. Qb1 Qc6 25. Bxe5 Bxe5 26. f3 f5 27. fxe4 fxe4
28. Rd5 Re8 29. Bg4 Nb6 30. Na5 Qf6 31. Rxc5 Bg3 32. Qf1 Qxb2 33. Rc6 Na4 34.
Be6+ Kh8 35. Bd5 Qg7 36. Rf6 Qh6 37. Qc1 Nc3 38. Qd2 Qh4 39. Rf1 Be5 40. Qf2
Qxf2+ 41. Rxf2 Bc7 42. Nc6 Bb6 43. Nd4 Bxd4 44. exd4 e3 45. Rf1 b3 46. c5 b2
47. Ba2 Nxa2 48. Rb1 Nc3 49. Rxb2 e2 50. Rxe2 Nxe2+ 51. Kf2 Nxd4 0-1

[Event "OPEN CEA A 2021-2022"]
[Site "AUBAGNE"]
[Date "2021.12.04"]
[Round "3.10"]
[White "Tramarin, Lucas"]
[Black "Cotton, Paul"]
[Result "1-0"]
[WhiteElo "1203"]
[BlackElo "1369"]
[PlyCount "79"]
[EventDate "2021.??.??"]
[WhiteTeam "Cercle d'Echecs Aubagnais"]
[BlackTeam "Cercle d'Echecs Aubagnais"]

1. d4 Nf6 2. Bg5 g6 3. e3 Bg7 4. Bd3 d6 5. c3 O-O 6. Nf3 Nbd7 7. O-O c5 8. Nbd2
a6 9. a3 b5 10. b4 cxb4 11. cxb4 Bb7 12. Rc1 Rc8 13. Qb3 Rc7 14. Rc2 Qb8 15.
Rfc1 Rfc8 16. Bxf6 Nxf6 17. e4 e6 18. h3 Nh5 19. g3 Nf6 20. e5 dxe5 21. Nxe5
Bd5 22. Qb2 Qb7 23. Rxc7 Rxc7 24. f3 Qc8 25. Rxc7 Qxc7 26. Be4 Nxe4 27. fxe4
Bb7 28. Kh2 f6 29. Nef3 Bf8 30. e5 f5 31. Ng5 Qc6 32. Ngf3 g5 33. g4 fxg4 34.
hxg4 Be7 35. Kg2 h6 36. Qb3 Qd7 37. Qc3 Bd5 38. Qc2 Qe8 39. Qc7 Qf8 40. Kf2 1-0

[Event "OPEN CEA A 2021-2022"]
[Site "AUBAGNE"]
[Date "2021.12.04"]
[Round "3.11"]
[White "Cavanihac, Claude"]
[Black "Madi, Mohammed"]
[Result "0-1"]
[WhiteElo "1340"]
[BlackElo "1178"]
[PlyCount "66"]
[EventDate "2021.??.??"]
[WhiteTeam "Cercle d'Echecs Aubagnais"]
[BlackTeam "Cercle d'Echecs Aubagnais"]

1. e4 c5 2. Nf3 d6 3. c3 Nf6 4. d3 Bg4 5. Be2 e6 6. h3 Bh5 7. Be3 Be7 8. Nbd2
O-O 9. O-O Nc6 10. Ne1 Bxe2 11. Qxe2 d5 12. f3 Bd6 13. Bg5 Bg3 14. f4 h6 15.
Bxf6 Qxf6 16. Qf3 Qg6 17. Nc2 Rad8 18. Ne3 Bh4 19. Kh1 Be7 20. f5 dxe4 21. Qxe4
exf5 22. Nxf5 Bg5 23. Nb3 Rfe8 24. Qc4 Re5 25. Ng3 Rxd3 26. Kh2 Bf6 27. Nh1 Rg5
28. Rf2 Be5+ 29. Kg1 Rxh3 30. Nxc5 Bh2+ 31. Kf1 Bd6 32. Qxf7+ Qxf7 33. Rxf7
Rxh1+ 0-1

[Event "OPEN CEA A 2021-2022"]
[Site "AUBAGNE"]
[Date "2021.12.04"]
[Round "3.12"]
[White "Touaoula, Rachid"]
[Black "Rocchia, Alex"]
[Result "1/2-1/2"]
[WhiteElo "1063"]
[BlackElo "1292"]
[PlyCount "168"]
[EventDate "2021.??.??"]
[WhiteTeam "Echiquier Marseillais 1872"]
[BlackTeam "Cercle d'Echecs Aubagnais"]

1. b3 e5 2. Bb2 Nc6 3. e3 Bb4 4. Bb5 d6 5. Ne2 Nf6 6. h3 O-O 7. Nec3 a6 8. Be2
b5 9. O-O Bb7 10. Bf3 Rb8 11. Nd5 Nxd5 12. Bxd5 Ne7 13. Bxb7 Rxb7 14. e4 Ng6
15. d4 Qg5 16. Qf3 Rbb8 17. Bc1 Qe7 18. c3 Ba5 19. Rd1 Rfe8 20. d5 Rbc8 21. a4
Bb6 22. c4 Bd4 23. Ra2 Rb8 24. Na3 bxa4 25. bxa4 Bc5 26. Nc2 Rb7 27. Ne3 Bxe3
28. Bxe3 Reb8 29. Rc1 Rb3 30. c5 Rb1 31. Ra1 R1b3 32. cxd6 cxd6 33. Qe2 Ra8 34.
Rc6 Qb7 35. Rac1 Rb1 36. Rxd6 Rxc1+ 37. Bxc1 Qc7 38. Rc6 Qb7 39. Qc4 h6 40. d6
Qd7 41. Qd5 Rc8 42. Rxc8+ Qxc8 43. Be3 Qd7 44. Qa8+ Kh7 45. Qxa6 f6 46. Qb5
Qxd6 47. a5 Nf4 48. Qf1 Qa3 49. a6 Ne6 50. Qc1 Qxa6 51. Qd2 Nf8 52. g3 Qc4 53.
Qd5 Qxd5 54. exd5 Nd7 55. Kf1 Kg6 56. g4 h5 57. Ke2 hxg4 58. hxg4 f5 59. f3 f4
60. Bd2 Kf6 61. Kd3 Ke7 62. Bb4+ Kf6 63. Ke4 g6 64. Bd6 g5 65. Bb4 Nb6 66. Ba5
Nc4 67. Bc3 Nd6+ 68. Kd3 Nb5 69. Bb4 Nd4 70. Ke4 Nb3 71. d6 Nd4 72. Kd5 Ne6 73.
d7 Nd8 74. Bd6 Nf7 75. Bxe5+ Ke7 76. d8=Q+ Kxd8 77. Bf6+ Kd7 78. Ke4 Ke6 79.
Bxg5 Nxg5+ 80. Kxf4 Kf6 81. Ke3 Nh3 82. f4 Kg6 83. Kf3 Kf6 84. Kg2 Nxf4+
1/2-1/2

[Event "OPEN CEA A 2021-2022"]
[Site "AUBAGNE"]
[Date "2021.12.04"]
[Round "3.14"]
[White "Gregot, Adrien"]
[Black "Rescanieres, Alice"]
[Result "0-1"]
[WhiteElo "1009"]
[BlackElo "1257"]
[PlyCount "24"]
[EventDate "2021.??.??"]
[WhiteTeam "La Ciotat Echecs (LCE)"]
[BlackTeam "Cassis Echecs"]

1. e4 e5 2. Nf3 Nf6 3. Nxe5 Qe7 4. Nf3 Nxe4 5. Be2 Nc6 6. Nc3 Nxc3 7. dxc3 b6
8. O-O Bb7 9. Re1 O-O-O 10. Bb5 Qc5 11. Bxc6 Qxc6 12. Ne5 Qxg2# 0-1

[Event "OPEN CEA A 2021-2022"]
[Site "AUBAGNE"]
[Date "2021.12.04"]
[Round "3.15"]
[White "Bouteillon, Lucas"]
[Black "Madi, Walid"]
[Result "0-1"]
[WhiteElo "1099"]
[BlackElo "1099"]
[PlyCount "64"]
[EventDate "2021.??.??"]
[WhiteTeam "La Ciotat Echecs (LCE)"]
[BlackTeam "Cercle d'Echecs Aubagnais"]

1. d4 Nf6 2. e3 g6 3. Nc3 d5 4. Bd3 Bg7 5. Nf3 a6 6. Bd2 Nc6 7. e4 dxe4 8. Nxe4
Nxe4 9. Bxe4 Nxd4 10. Bc3 Nxf3+ 11. Qxf3 Bxc3+ 12. Qxc3 O-O 13. Qd3 Qxd3 14.
Bxd3 Be6 15. O-O-O a5 16. Be4 c6 17. a3 Rad8 18. Rxd8 Rxd8 19. Kb1 Rd2 20. Kc1
Rxf2 21. Rd1 Bg4 22. Rd8+ Kg7 23. h3 Rf1+ 24. Kd2 Rd1+ 25. Ke3 Rxd8 26. hxg4
Rd6 27. b4 axb4 28. axb4 Re6 29. Kd4 Kf6 30. c4 b6 31. b5 c5+ 32. Kd5 Rd6# 0-1

[Event "OPEN CEA A 2021-2022"]
[Site "AUBAGNE"]
[Date "2021.12.04"]
[Round "3.16"]
[White "Petrillo-Matera, Tristan"]
[Black "Burnel, Marie-France"]
[Result "0-1"]
[WhiteElo "1009"]
[BlackElo "1031"]
[PlyCount "54"]
[EventDate "2021.??.??"]
[WhiteTeam "La Ciotat Echecs (LCE)"]
[BlackTeam "Cercle d'Echecs Aubagnais"]

1. e4 e5 2. Nc3 Nc6 3. Nf3 d6 4. g3 Nf6 5. Bg2 g6 6. O-O Bg7 7. d4 exd4 8. Nxd4
Nxd4 9. Qxd4 O-O 10. e5 Nh5 11. Qe3 Bxe5 12. Qh6 c5 13. Bg5 Qb6 14. Bd2 Qxb2
15. Rab1 Qxc2 16. Be1 Rb8 17. Qg5 Bxc3 18. Bxc3 Qxc3 19. Qe7 Qd3 20. Bxb7 Bxb7
21. Rxb7 Rxb7 22. Qxb7 Qa3 23. g4 Nf4 24. Ra1 Qc3 25. Rf1 d5 26. Qxa7 Qh3 27.
f3 Qg2# 0-1

[Event "OPEN CEA A 2021-2022"]
[Site "AUBAGNE"]
[Date "2021.12.04"]
[Round "3.17"]
[White "Pietrac, Christian"]
[Black "Denis, Thibault"]
[Result "1-0"]
[WhiteElo "1232"]
[BlackElo "1099"]
[PlyCount "99"]
[EventDate "2021.??.??"]
[WhiteTeam "Club d'Echecs de Miramas"]
[BlackTeam "Cercle d'Echecs Aubagnais"]

1. Nf3 Nc6 2. g3 e5 3. d3 Bc5 4. e3 d6 5. Bg2 Nf6 6. O-O O-O 7. Nbd2 Bg4 8. c3
Qd7 9. b4 Bb6 10. Nc4 Bh3 11. Nxb6 axb6 12. e4 Bxg2 13. Kxg2 d5 14. Re1 d4 15.
c4 Nxb4 16. Nxe5 Qe8 17. Nf3 Ng4 18. Nxd4 c5 19. Nb5 Nxa2 20. Qxg4 Nxc1 21.
Rexc1 Rxa1 22. Rxa1 Qe5 23. Qd1 Rd8 24. Ra3 Qb2 25. Qb3 Qxb3 26. Rxb3 Ra8 27.
Ra3 Ra5 28. Rxa5 bxa5 29. Na3 g6 30. f4 b6 31. Kf3 Kg7 32. e5 b5 33. Nxb5 a4
34. Na3 h6 35. Ke4 g5 36. d4 cxd4 37. Kxd4 Kg6 38. c5 gxf4 39. gxf4 f6 40. c6
Kf5 41. c7 fxe5+ 42. fxe5 h5 43. c8=Q+ Kg5 44. Ke4 Kh4 45. Qd7 Kg5 46. Qxa4 h4
47. Kf3 Kf5 48. Qe4+ Ke6 49. Qxh4 Kxe5 50. Nc4+ 1-0

[Event "OPEN CEA A 2021-2022"]
[Site "AUBAGNE"]
[Date "2021.12.04"]
[Round "3.18"]
[White "Salvi, Angele"]
[Black "Belaid, Myriam"]
[Result "1-0"]
[WhiteElo "1199"]
[BlackElo "1199"]
[PlyCount "75"]
[EventDate "2021.??.??"]
[WhiteTeam "La Ciotat Echecs (LCE)"]
[BlackTeam "Cercle d'Echecs Aubagnais"]

1. e4 c5 2. Nf3 d6 3. Nc3 Nc6 4. Bc4 a6 5. d4 cxd4 6. Nxd4 Nxd4 7. Qxd4 e5 8.
Qd3 Nf6 9. Bg5 Be7 10. f3 Bd7 11. O-O-O O-O 12. a3 b5 13. Ba2 a5 14. Nxb5 Rb8
15. Nxd6 Qb6 16. Nc4 Qf2 17. Ne3 Rfc8 18. Rd2 Qxd2+ 19. Qxd2 Ba4 20. Nc4 Rd8
21. Qxa5 Bb5 22. Nxe5 h6 23. Bxf7+ Kh7 24. Bg6+ Kg8 25. Qc7 Bd6 26. Qf7+ Kh8
27. Bxh6 Bf8 28. Bxg7+ Bxg7 29. h4 Be8 30. Qe6 Bxg6 31. Nxg6+ Kh7 32. h5 Kh6
33. Ne7 Kh7 34. Qf5+ Kh8 35. h6 Bf8 36. Qxf6+ Kh7 37. Qf7+ Kh8 38. Ng6# 1-0

[Event "OPEN CEA A 2021-2022"]
[Site "AUBAGNE"]
[Date "2021.12.04"]
[Round "3.19"]
[White "Turpin, Isabelle"]
[Black "Beneddra, Nassim"]
[Result "0-1"]
[WhiteElo "1165"]
[BlackElo "1199"]
[PlyCount "62"]
[EventDate "2021.??.??"]
[WhiteTeam "Cercle d'Echecs Aubagnais"]
[BlackTeam "Echiquier Marseillais 1872"]

1. c4 c5 2. Nf3 b6 3. e4 Bb7 4. Nc3 e6 5. g3 g6 6. Bg2 Bg7 7. d3 a6 8. O-O Nc6
9. Be3 Ne5 10. d4 Nxc4 11. Qc1 Nxe3 12. fxe3 cxd4 13. exd4 Rc8 14. Qe3 Ne7 15.
Rac1 O-O 16. Qf4 Qc7 17. Qh4 Qd8 18. e5 Nd5 19. Ng5 h6 20. Nce4 Rxc1 21. Rxc1
f5 22. Nd6 Qxg5 23. Nxb7 Qxc1+ 24. Bf1 Ne3 25. Qh3 Rc8 26. Kf2 Rc2+ 27. Be2
Ng4+ 28. Kf3 Qe3+ 29. Kg2 Qxe2+ 30. Kg1 Rc1+ 31. Qf1 Qxf1# 0-1

[Event "OPEN CEA A 2021-2022"]
[Site "AUBAGNE"]
[Date "2021.12.04"]
[Round "3.20"]
[White "Celestra, Florian"]
[Black "Genta, Noam"]
[Result "1-0"]
[WhiteElo "1199"]
[BlackElo "1009"]
[PlyCount "73"]
[EventDate "2021.??.??"]
[WhiteTeam "Cassis Echecs"]
[BlackTeam "La Ciotat Echecs (LCE)"]

1. e4 e5 2. Nf3 Nf6 3. Nxe5 Nxe4 4. Qe2 Bd6 5. Qxe4 Qe7 6. d4 f6 7. Bf4 Nc6 8.
Be2 fxe5 9. dxe5 Nxe5 10. O-O Nf7 11. Qc4 g5 12. Bxd6 Nxd6 13. Qc3 Nf7 14. Bh5
Qf8 15. Bxf7+ Kxf7 16. Re1 b6 17. Re5 Rg8 18. Rf5+ Ke8 19. Rxf8+ Rxf8 20. Nd2
Kf7 21. Qf3+ Kg7 22. Qxa8 Ba6 23. Qxa7 Be2 24. Qxc7 b5 25. Qe5+ Kh6 26. Qxe2
Rb8 27. Qe5 Rc8 28. Qxb5 Rxc2 29. Qxd7 Rxb2 30. h3 g4 31. Qxg4 Rxd2 32. Qf4+
Kg7 33. Qxd2 h5 34. Qd6 h4 35. Rc1 Kf7 36. Rc7+ Ke8 37. Qe7# 1-0

[Event "OPEN CEA A 2021-2022"]
[Site "AUBAGNE"]
[Date "2021.12.04"]
[Round "3.21"]
[White "Genta, Melina"]
[Black "Lognos, Lina"]
[Result "0-1"]
[WhiteElo "1099"]
[BlackElo "1199"]
[PlyCount "88"]
[EventDate "2021.??.??"]
[WhiteTeam "La Ciotat Echecs (LCE)"]
[BlackTeam "Cercle d'Echecs Aubagnais"]

1. e4 c5 2. Nf3 Nc6 3. Bb5 g6 4. O-O Bg7 5. d3 Nd4 6. Nxd4 Bxd4 7. c3 Bg7 8. d4
a6 9. Bc4 cxd4 10. cxd4 Qc7 11. b3 b5 12. Bd5 Bb7 13. Bxb7 Qxb7 14. Re1 Nf6 15.
Qd3 d6 16. e5 dxe5 17. dxe5 Qd5 18. Qxd5 Nxd5 19. Bb2 Nb4 20. Rc1 Nd3 21. Nc3
Nxc1 22. Rxc1 O-O 23. Nd5 f6 24. e6 Ra7 25. Bd4 Bh6 26. Re1 Rd8 27. Bxa7 Rxd5
28. h3 Rd2 29. Be3 Bxe3 30. Rxe3 Rxa2 31. Rd3 Ra1+ 32. Kh2 Re1 33. Rd8+ Kg7 34.
Ra8 Rxe6 35. Ra7 Kf7 36. g4 h6 37. Kg3 g5 38. h4 gxh4+ 39. Kxh4 Kg6 40. f4 Re3
41. Rxa6 Rxb3 42. Re6 Kf7 43. f5 b4 44. Kh5 Rh3# 0-1